| 000 | 01793nam a2200397 c 4500 | ||
|---|---|---|---|
| 003 | BLK | ||
| 005 | 20221210095832.0 | ||
| 008 | 180408b bul|||||r ||||||| ||bul|| | ||
| 010 | _aKNG00084521000 | ||
| 020 |
_a978-954-92212-2-0 _bиздат.: Еастра холдинг груп |
||
| 040 | _aBLK | ||
| 041 |
_aBUL _cBUL |
||
| 080 |
_aСтопански кризи. Депресии _b338.124.4 _x _z338.124.4 |
||
| 080 |
_aМеждународни икономически отношения. Външностопанска политика. Световно стопанство _b339.9 _x _z339.9 |
||
| 100 | 1 |
_aОте, Макс _eпърви автор _9299463 |
|
| 700 | 1 |
_aЛазарова, Добринка _eпрев. от нем. _9280124 |
|
| 139 |
_aОте, Макс _bО 90 |
||
| 245 | 1 | 0 |
_aКризата идва _bНовата световна икономическа криза и как да се подготвите за нея _cМакс Оте; прев. от нем. Добринка Лазарова. |
| 257 | _aDEU | ||
| 260 |
_аСофия _bЕастра холдинг груп _c2008 _fСофия : Мултипринт |
||
| 300 |
_a305 с. _bс диагр. _c20 см |
||
| 380 | _a3 | ||
| 500 | _aОриг. загл. Der Crast kommt / Max Otte. - Библиогр. с. 295-303 | ||
| 504 | _a295-303 | ||
| 650 | 4 |
_aИкономически кризи _9281535 |
|
| 650 | 4 |
_aСветовно стопанство _9251664 |
|
| 653 | _aикономическа криза | ||
| 653 | _aфинансови пазари | ||
| 653 | _aикономически измами | ||
| 653 | _aсветовна икономика | ||
| 852 | _aЦб 240567 | ||
| 856 | 4 |
_qpdf _u |
|
| 856 | 4 |
_qpdf _u |
|
| 942 |
_cKNG _n0 _04 |
||
| 944 |
_aCR _c17.07.2008 _kВиолета_Тройчева |
||
| 944 |
_aED _c08.05.2014 _k |
||
| 999 |
_c80037 _d80037 |
||